000
00309nam a22001457a 4500
020
_a
81-300-0645-6
082
_a
894.812.3
_b
MAD/B
100
_a
MADHAVIKUTTY
245
_a
BHUDHANILAVU
260
_a
KOZHIKODE
_b
POORNAPUBLICATIONS
_c
2017
300
_a
180
520
_a
NOVEL
650
_a
NOVEL
942
_c
BK
999
_c
4937
_d
4937